[Event "5th EFE Metz Festival IM 2019"]
[Site "Metz"]
[Date "2019.07.23"]
[Round "2.4"]
[White "Kurayan, Ruslan"]
[Black "Vedder, Richard"]
[Result "1/2-1/2"]
[WhiteElo "2376"]
[BlackElo "2286"]
[Annotator "ChessBase"]
[PlyCount "124"]
[EventDate "2019.07.22"]
[EventType "tourn"]
[EventCountry "FRA"]
[SourceTitle "playchess.com"]
[Source "ChessBase"]
[SourceQuality "1"]
[TimeControl "5400+30"]

1. e4 {[%emt 0:03:13]} e5 {[%emt 0:00:00]} 2. Nf3 {[%emt 0:00:20]} Nc6 {[%emt 0:00:00]} 3. d4 {[%emt 0:00:06]} exd4 {[%emt 0:00:00]} 4. Nxd4 {[%emt 0:00:05]} Nf6 {[%emt 0:00:16]} 5. Nxc6 {[%emt 0:01:29]} bxc6 {[%emt 0:00:09]} 6. e5 {[%emt 0:00:04]} Qe7 {[%emt 0:00:05]} 7. Qe2 {[%emt 0:00:04]} Nd5 {[%emt 0:00:05]} 8. c4 {[%emt 0:00:06]} Ba6 {[%emt 0:00:04]} 9. g3 {[%emt 0:00:58]} g6 {[%emt 0:02:16]} 10. b3 {[%emt 0:00:50]} Bg7 {[%emt 0:01:00]} 11. Bb2 {[%emt 0:00:09]} O-O {[%emt 0:05:20]} 12. Bg2 {[%emt 0:00:05]} Rfe8 {[%emt 0:00:49]} 13. O-O {[%emt 0:00:19]} Nb6 {[%emt 0:01:14]} 14. f4 {[%emt 0:09:26]} d5 {[%emt 0:03:45]} 15. Nd2 {[%emt 0:04:40]} f6 {[%emt 0:07:00]} 16. Rae1 {[%emt 0:09:59]} fxe5 {[%emt 0:04:12]} 17. fxe5 {[%emt 0:18:56]} Nd7 {[%emt 0:03:38]} 18. Nf3 {[%emt 0:04:03]} dxc4 {[%emt 0:04:25]} 19. Nd4 {[%emt 0:14:56]} Qc5 {[%emt 0:16:02]} 20. b4 {[%emt 0:04:01]} Qb6 {[%emt 0:00:31]} 21. Bc3 {[%emt 0:04:07]} Rxe5 {[%emt 0:05:44]} 22. Qd2 {[%emt 0:06:10]} Rae8 {[%emt 0:03:49]} 23. Rxe5 {[%emt 0:00:32]} Nxe5 {[%emt 0:00:19]} 24. Kh1 {[%emt 0:00:06]} Bc8 {[%emt 0:07:13]} 25. Nxc6 {[%emt 0:04:50]} Nxc6 {[%emt 0:06:52]} 26. Bd5+ {[%emt 0:02:33]} Kh8 {[%emt 0:03:52]} 27. Rf6 {[%emt 0:00:23]} Be6 {[%emt 0:17:21]} 28. Bxe6 {[%emt 0:02:44]} Nd8 {[%emt 0:00:05]} 29. Qd7 {[%emt 0:08:25]} Qc6+ {[%emt 0:00:05]} 30. Qxc6 {[%emt 0:00:38]} Nxc6 {[%emt 0:00:02]} 31. Bxc4 {[%emt 0:00:33]} Nxb4 {[%emt 0:01:51]} 32. Bb3 {[%emt 0:00:38]} c5 {[%emt 0:02:07]} 33. g4 {[%emt 0:00:28]} h6 {[%emt 0:01:29]} 34. Rf3 {[%emt 0:00:32]} Bxc3 {[%emt 0:00:19]} 35. Rxc3 {[%emt 0:00:03]} Re5 {[%emt 0:00:08]} 36. Rf3 {[%emt 0:00:28]} Re7 {[%emt 0:01:12]} 37. Rf8+ {[%emt 0:00:48]} Kg7 {[%emt 0:00:24]} 38. Rc8 {[%emt 0:00:20]} Nd3 {[%emt 0:00:11]} 39. Kg2 {[%emt 0:00:21]} g5 {[%emt 0:01:11]} 40. Rg8+ {[%emt 0:00:48]} Kf6 {[%emt 0:01:13]} 41. Rh8 {[%emt 0:00:28]} Ke5 {[%emt 0:01:22]} 42. Rxh6 {[%emt 0:00:07]} Kf4 {[%emt 0:00:05]} 43. Rf6+ {[%emt 0:00:04]} Ke3 {[%emt 0:00:29]} 44. Rf5 {[%emt 0:01:29]} Re5 {[%emt 0:00:31]} 45. Bc4 {[%emt 0:00:32]} Rxf5 {[%emt 0:02:10]} 46. gxf5 {[%emt 0:00:04]} Nf4+ {[%emt 0:00:14]} 47. Kg3 {[%emt 0:00:36]} Kd4 {[%emt 0:00:06]} 48. h4 {[%emt 0:00:40]} Ke5 {[%emt 0:00:47]} 49. hxg5 {[%emt 0:00:42]} Kxf5 {[%emt 0:00:05]} 50. Kh4 {[%emt 0:00:06]} Ne6 {[%emt 0:01:14]} 51. Bxe6+ {[%emt 0:00:50]} Kxe6 {[%emt 0:00:01]} 52. Kg4 {[%emt 0:00:05]} Kf7 {[%emt 0:01:06]} 53. Kf5 {[%emt 0:00:13]} c4 {[%emt 0:00:04]} 54. Ke4 {[%emt 0:00:03]} Kg6 {[%emt 0:00:03]} 55. Kd4 {[%emt 0:00:04]} c3 {[%emt 0:00:14]} 56. Kxc3 {[%emt 0:00:03]} Kxg5 {[%emt 0:00:02]} 57. Kb4 {[%emt 0:00:07]} Kf5 {[%emt 0:00:14]} 58. Kb5 {[%emt 0:00:03]} Ke5 {[%emt 0:00:08]} 59. Ka6 {[%emt 0:00:14]} Kd5 {[%emt 0:00:09]} 60. Kxa7 {[%emt 0:00:12]} Kc5 {[%emt 0:00:07]} 61. a4 {[%emt 0:00:03]} Kb4 {[%emt 0:00:02]} 62. a5 {[%emt 0:00:03]} Kxa5 {[%emt 0:00:03]} 1/2-1/2

[Event "5th EFE Metz Festival IM 2019"]
[Site "Metz"]
[Date "2019.07.23"]
[Round "2.5"]
[White "Harutyunyan, Ruben"]
[Black "Philippe, Guillaume"]
[Result "1/2-1/2"]
[WhiteElo "2326"]
[BlackElo "2344"]
[Annotator "NA"]
[PlyCount "63"]
[EventDate "2019.07.22"]
[EventType "tourn"]
[EventCountry "FRA"]
[SourceTitle "playchess.com"]
[Source "ChessBase"]
[SourceQuality "1"]
[TimeControl "5400+30"]

1. e4 {[%emt 0:00:00]} c5 {[%emt 0:00:12]} 2. Nf3 {[%emt 0:00:00]} e6 {[%emt 0:00:06]} 3. d4 {[%emt 0:00:00]} cxd4 {[%emt 0:00:12]} 4. Nxd4 {[%emt 0:00:05]} a6 {[%emt 0:00:18]} 5. c4 {[%emt 0:00:04]} Nf6 {[%emt 0:00:50]} 6. Nc3 {[%emt 0:00:04]} d6 {[%emt 0:00:10]} 7. Be2 {[%emt 0:00:04]} Qc7 {[%emt 0:00:33]} 8. O-O {[%emt 0:00:08]} b6 {[%emt 0:00:21]} 9. Be3 {[%emt 0:00:06]} Bb7 {[%emt 0:00:05]} 10. f3 {[%emt 0:00:04]} Nbd7 {[%emt 0:00:46]} 11. Qd2 {[%emt 0:00:12]} Be7 {[%emt 0:00:20]} 12. Rfc1 {[%emt 0:00:04]} O-O {[%emt 0:01:29]} 13. a4 {[%emt 0:00:04] B41: Sicilian: Kan Variation: 5 c4} (13. b4 Rac8 14. Nb3 Qb8 15. Bf1 Rfe8 16. Qf2 Bd8 17. Na4 Ba8 18. c5 b5 19. Nc3 Bc7 20. g3 dxc5 21. Nxc5 Nxc5 22. bxc5 {1-0 (45) Nepomniachtchi,I (2729)-Ponkratov,P (2613) Riadh 2017}) 13... Rab8 {[%emt 0:03:03]} 14. b4 {[%emt 0:00:05]} Rfc8 {[%emt 0:01:22]} 15. Rab1 {[%emt 0:14:40]} Qd8 {[%emt 0:10:05]} 16. Nb3 $146 {[%emt 0:11:19]} ({Predecessor:} 16. Nc2 Qf8 17. Kh1 Kh8 18. Bf2 Rd8 19. Rd1 Ba8 {0-1 (42) Georgiadis,N (2291)-Rapport,R (2543) Caleta 2012}) 16... Ne5 {[%emt 0:24:05]} (16... d5 $11) 17. c5 {[%emt 0:12:38]} bxc5 {[%emt 0:01:12]} 18. bxc5 {[%emt 0:00:05]} Nc6 {[%emt 0:00:07]} 19. Rd1 {[%emt 0:07:34]} Ne8 {[%emt 0:10:05]} 20. cxd6 {[%emt 0:17:22]} Bxd6 {[%emt 0:00:20]} 21. Nc5 {[%emt 0:01:17]} Qc7 {[%emt 0:10:42]} 22. Nxb7 {[%emt 0:05:25]} Rxb7 {[%emt 0:00:16]} 23. Bxa6 {[%emt 0:01:03]} Rxb1 {[%emt 0:02:31]} 24. Rxb1 {[%emt 0:00:17]} Bxh2+ {[%emt 0:03:01]} 25. Kf1 {[%emt 0:10:36]} Rd8 {[%emt 0:01:29]} 26. Qc1 {[%emt 0:02:11]} Qe7 {[%emt 0:10:59]} 27. Ne2 {[%emt 0:01:54]} Ne5 $16 {[%emt 0:01:44]} 28. Rb7 {[%emt 0:07:05]} Qd6 {[%emt 0:08:47]} 29. Rb6 {[%emt 0:00:38]} Qe7 {[%emt 0:00:53]} 30. Rb7 {[%emt 0:00:21]} Qd6 {[%emt 0:00:04]} 31. Rb6 {[%emt 0:01:02]} Qe7 {[%emt 0:00:07]} 32. a5 1/2-1/2

[Event "5th EFE Metz Festival IM 2019"]
[Site "Metz"]
[Date "2019.07.23"]
[Round "3.1"]
[White "Maurizzi, Marc Andria"]
[Black "Ravi, Teja S."]
[Result "1/2-1/2"]
[WhiteElo "2412"]
[BlackElo "2410"]
[Annotator "TA"]
[PlyCount "165"]
[EventDate "2019.07.22"]
[EventType "tourn"]
[EventCountry "FRA"]
[SourceTitle "playchess.com"]
[Source "ChessBase"]
[SourceQuality "1"]

{[%evp 9,165,9,14,-3,25,15,17,0,10,0,8,3,16,10,0,0,0,-22,0,-24,-22,-43,-25,-25,-25,-54,-13,-32,-35,-60,23,23,23,23,16,15,31,31,46,45,46,46,53,15,46,43,57,57,46,46,53,46,46,47,53,54,46,46,46,0,52,53,216,46,61,49,62,-108,-108,-149,-143,-145,-139,-244,-254,-223,-119,-106,-44,-44,-44,-80,0,0,0,0,0,0,0,0,0,0,0,0,0,-41,0,0,0,-39,-39,-422,-415,-407,-388,-383,-383,-372,-348,-333,-319,-278,-109,-189,0,-8,-8,-8,-8,-8,-8,-8,0,0,0,0,0,0,0,-8,-8,-8,-8,-8,-8,-8,-8,-8,-8,-8,-8,-8,-8,-8,0,0,0,0,0,0,0,0,0,0,0,0,0,0]} 1. e4 c6 2. d4 d5 3. e5 Bf5 4. h4 h5 5. Bd3 Bxd3 6. Qxd3 {B12: Caro-Kann: Advance Variation} Qa5+ 7. Nd2 {[%cal Bb1d2,Bd2f3,Bf3g5][%mdl 32] White wants to play e6!} e6 8. Ne2 Ne7 9. O-O Nf5 10. Nf3 Qa6 11. Qd1 Be7 12. Bg5 $146 ({Predecessor:} 12. g3 c5 {½-½ (67) Nakamura,H (2787)-Artemiev,V (2697) Moscow 2018}) 12... Bxg5 13. Nxg5 (13. hxg5 $5 {[%cal Rg5g6]} g6 14. Qd2 $11) 13... g6 14. Ng3 Nxh4 15. b3 Nf5 (15... Qa3 {is interesting.} 16. Qd2 Na6 17. c4 Nc7 18. Rab1 Qe7) 16. Nxf5 gxf5 17. c4 Qa5 18. f4 Na6 19. Rb1 Qd8 (19... Nb4 $15) 20. c5 $11 Nc7 21. b4 a6 22. a4 Ke7 23. Rf3 {[%mdl 1024] White has compensation.} h4 24. Qe1 Rh6 25. Rh3 Qh8 26. Rhb3 Qe8 27. R1b2 Qd7 28. Rh3 Rah8 29. Qe3 Ke8 30. Qa3 Qc8 31. Kf2 Qa8 32. Rb1 Ke7 33. Rbh1 Qg8 34. Rb1 Qa8 35. Qc1 Qe8 $2 (35... Rg6 $14) 36. Rhb3 $2 (36. b5 $1 $18) 36... Kf8 37. Qa3 Qa8 38. b5 $2 (38. Re3 $1 $14 {was the only good move.}) 38... axb5 $17 39. axb5 Qxa3 {[%mdl 64] Overworked Piece} 40. Rxa3 {bxc6 is the strong threat.} Nxb5 41. Rxb5 (41. Ra5 $17 {was necessary.}) 41... cxb5 {[%mdl 4096] Endgame KRR-KRN} 42. Ra7 h3 (42... Kg7 $1 $19 43. Rxb7 Kg6 44. Rxb5 Ra8) 43. gxh3 {[#]} Rxh3 (43... Kg7 $1 $17 44. Rxb7 Rf8) 44. Nxh3 $15 Rxh3 $17 {KR-KR} 45. Ke2 {[#]} Rc3 ({Black should try} 45... b4 $1 $17) 46. Rxb7 $11 Rc4 47. Kd3 b4 48. Rb6 Kg7 49. Rb8 Rc3+ 50. Kd2 Rc4 51. Kd3 Kh6 52. Ke3 Rc3+ 53. Kd2 Rc4 54. Ke3 Kh5 55. Rb7 $2 {[%mdl 8192]} (55. Rh8+ $15 Kg4 56. Rg8+ Kh3 57. Rg7) 55... Kg4 $19 56. Rxf7 Rc3+ 57. Kd2 Kxf4 58. Rb7 Rc4 59. Kd3 Kf3 60. Rb6 Rc3+ 61. Kd2 Rc4 $2 (61... Ke4 $19 {Threatens to win with ...Rd3+.} 62. Rxb4 Rd3+ 63. Kc2 Rg3) 62. Kd3 $1 $11 {The position is equal.} f4 {aiming for ...Kf2.} 63. Rxe6 Rc3+ 64. Kd2 Ke4 65. Rf6 $1 {Hoping for e6.} Kxd4 (65... Rh3 {seems wilder.} 66. c6 Rh2+ 67. Kc1 b3 68. e6 Kd3) 66. Rxf4+ Kxe5 67. Rxb4 Rxc5 68. Rh4 Ra5 69. Rh5+ Kd4 70. Rh4+ Kc5 71. Rh8 Ra4 72. Rh7 Ra3 73. Rh4 Ra2+ 74. Kd3 Rg2 75. Rf4 Rg3+ 76. Kd2 d4 77. Rf8 Rg2+ 78. Kd3 Rg3+ 79. Kd2 Re3 80. Rc8+ Kd5 81. Rd8+ Ke4 82. Re8+ Kf3 83. Rf8+ {Accuracy: White = 48%, Black = 53%.} 1/2-1/2

[Event "5th EFE Metz Festival IM 2019"]
[Site "Metz"]
[Date "2019.07.23"]
[Round "3.2"]
[White "Delorme, Alban"]
[Black "Kurayan, Ruslan"]
[Result "0-1"]
[WhiteElo "2327"]
[BlackElo "2376"]
[Annotator "NA"]
[PlyCount "40"]
[EventDate "2019.07.22"]
[EventType "tourn"]
[EventCountry "FRA"]
[SourceTitle "playchess.com"]
[Source "ChessBase"]
[SourceQuality "1"]
[TimeControl "5400+30"]

1. e4 {[%emt 0:00:00]} c5 {[%emt 0:00:59]} 2. Nf3 {[%emt 0:00:00]} d6 {[%emt 0:00:04]} 3. d4 {[%emt 0:00:00]} Nf6 {[%emt 0:00:07]} 4. Nc3 {[%emt 0:00:27]} cxd4 {[%emt 0:00:12]} 5. Nxd4 {[%emt 0:01:23]} g6 {[%emt 0:00:06]} 6. Be3 {[%emt 0:00:27]} Bg7 {[%emt 0:00:05]} 7. f3 {[%emt 0:00:15]} O-O {[%emt 0:00:08]} 8. Bc4 {[%emt 0:00:07]} Nc6 {[%emt 0:00:05]} 9. Qd2 {[%emt 0:00:15]} Bd7 {[%emt 0:00:07]} 10. O-O-O {[%emt 0:00:23]} Rb8 {[%emt 0:00:12]} 11. Nxc6 {[%emt 0:07:17]} bxc6 {[%emt 0:03:57]} 12. g4 {[%emt 0:00:48]} Be6 {[%emt 0:11:18]} 13. Bb3 {[%emt 0:05:01]} c5 {[%emt 0:20:43]} 14. e5 {[%emt 0:04:03]} Nd7 {[%emt 0:00:41]} 15. exd6 {[%emt 0:02:41]} exd6 {[%emt 0:11:32]} 16. Bxe6 {[%emt 0:01:21]} fxe6 {[%emt 0:03:44]} 17. Qxd6 {[%emt 0:00:15]} Qa5 {[%emt 0:09:38]} 18. Qxe6+ {[%emt 0:05:21]} Kh8 {[%emt 0:02:01]} 19. Rxd7 {[%emt 0:00:22]} Rxb2 {[%emt 0:00:03]} 20. Nd1 {[%emt 0:04:43]} Rxa2 {[%emt 0:01:26]} 0-1

[Event "5th EFE Metz Festival IM 2019"]
[Site "Metz"]
[Date "2019.07.23"]
[Round "3.3"]
[White "Philippe, Guillaume"]
[Black "Villegas, Pierre"]
[Result "1-0"]
[WhiteElo "2344"]
[BlackElo "2349"]
[Annotator "TA"]
[PlyCount "97"]
[EventDate "2019.07.22"]
[EventType "tourn"]
[EventCountry "FRA"]
[SourceTitle "playchess.com"]
[Source "ChessBase"]
[SourceQuality "1"]

{[%evp 12,96,27,-15,0,0,0,-4,7,0,0,0,23,25,18,7,21,24,7,-3,10,-14,-3,-7,30,10,3,25,16,0,17,23,0,3,75,0,0,-11,15,11,56,46,38,36,104,96,96,104,102,110,141,140,133,133,143,146,160,152,180,187,195,185,183,168,178,176,342,344,331,304,609,406,406,376,326,297,665,663,668,676,861,822,787,772,29983,29984,29999]} 1. Nf3 d5 2. e3 Nf6 3. c4 e6 4. b3 c5 5. Bb2 Nc6 6. cxd5 exd5 7. d4 cxd4 {A13: English Opening: 1...e6} 8. Nxd4 Bb4+ 9. Bc3 $1 Bd6 {The position is equal.} (9... a5 10. a3 Bc5 11. Nxc6 bxc6 12. Nd2 Qe7 13. Be2 Bxa3 14. Bxf6 gxf6 15. O-O {1-0 (27) Spoelman,W (2578)-Fridman,D (2631) chess.com INT 2019}) 10. Nd2 O-O 11. Be2 Bc5 $146 ({Predecessor:} 11... Re8 12. O-O Ne5 13. N2f3 Ne4 14. Bb2 a6 15. Rc1 {½-½ (34) Abdulaziz,M (2123)-Fejzullahu,A (2298) Baku 2016}) 12. Nxc6 bxc6 13. O-O Re8 14. Bd3 Bd6 15. h3 a5 16. Qf3 Nd7 17. Rac1 Be5 18. Rfd1 Qb6 19. Qh5 g6 20. Qh6 a4 21. Nf3 Bxc3 22. Rxc3 $40 {[%mdl 128] White is up to no good.} axb3 (22... c5 $11) 23. axb3 ({Much worse is} 23. Rxb3 Qc7 $11) (23. Ng5 $1 $16 Nf6 {[#]} 24. Nxh7 $1 {[%mdl 576] Remove Defender} Nxh7 25. Bxg6 $1 {[%mdl 512]} fxg6 26. Qxg6+ {[%mdl 64] Double Attack} Kf8 27. Qh6+ Kg8 28. Qg6+ {[%mdl 64] Double Attack} Kf8 29. Qh6+ Kg8 30. Qg6+ {[%mdl 64] Double Attack}) 23... c5 $11 24. Qf4 Nf8 25. Ne5 Be6 26. Rdc1 Rac8 27. Qf6 {Threatens to win with Nxf7!} Qd8 ({Black should try} 27... Qb4 $14) 28. Qxd8 $16 Rexd8 29. Rxc5 Rxc5 30. Rxc5 Rb8 31. Rb5 Rc8 32. Nf3 Rc1+ 33. Kh2 Rc3 34. Be2 Nd7 35. Nd4 Nc5 36. b4 {[%cal Bb3b4,Bb4b5,Bb5b6][%mdl 32]} Ne4 37. Rb8+ Kg7 38. b5 {aiming for b6.} Nxf2 $2 (38... Kf6 39. Ra8 Rc7) 39. b6 $18 {And now b7 would win.} Bc8 40. Nb5 Rc1 $2 (40... Rc2 41. Nd4 Rc3) 41. Bf3 h5 42. Kg3 Nh1+ 43. Kf4 h4 $2 (43... Kf6 44. Bxd5 Rf1+ 45. Bf3 Bd7) 44. Bxd5 Ng3 45. Nc7 Bd7 46. Ke5 Nf5 47. Ne8+ Kf8 48. Nf6+ {[%mdl 64] Discovered Attack} Ke7 49. Ng8# {Accuracy: White = 76%, Black = 31%.} 1-0

[Event "5th EFE Metz Festival IM 2019"]
[Site "Metz"]
[Date "2019.07.23"]
[Round "3.4"]
[White "Micottis, Dorian"]
[Black "Harutyunyan, Ruben"]
[Result "1/2-1/2"]
[WhiteElo "2226"]
[BlackElo "2326"]
[Annotator "TA"]
[PlyCount "72"]
[EventDate "2019.07.22"]
[EventType "tourn"]
[EventCountry "FRA"]
[SourceTitle "playchess.com"]
[Source "ChessBase"]
[SourceQuality "1"]

{[%evp 12,72,49,53,50,29,37,22,54,32,65,27,87,56,58,56,59,46,55,61,66,30,22,0,0,0,0,0,63,0,40,22,82,82,84,86,86,86,81,72,81,83,81,81,98,95,120,120,194,174,391,384,436,314,273,100,130,0,236,0,113,0,260]} 1. e4 c5 2. Nf3 Nf6 3. e5 Nd5 4. Nc3 Nxc3 5. dxc3 Nc6 6. Bf4 e6 7. Qd2 Qc7 {B29: Sicilian: 2 Nf3 Nf6 (Nimzowitsch Variation)} (7... h6 8. h4 a6 9. h5 b5 10. a4 b4 11. Bd3 Bb7 12. Be4 Qc7 13. O-O bxc3 14. bxc3 Ne7 15. Bxb7 Qxb7 {1-0 (77) Carlsen,M (2835)-Popov,I (2592) St Petersburg 2018}) 8. O-O-O h6 9. h4 b6 10. Be2 Bb7 11. g4 $146 ({Predecessor:} 11. Kb1 O-O-O 12. h5 Rg8 13. Rhe1 g5 14. hxg6 fxg6 15. Nh2 {1-0 (35) Chirila,I (2425)-Vedmediuc,S (2396) Timisoara 2008}) 11... g6 (11... a6 $11 {remains equal.}) 12. Rh3 O-O-O 13. Kb1 Bg7 {[%cal Rc6e5]} 14. Qe3 $1 Ne7 15. c4 Nc6 16. h5 g5 17. Bh2 Bf8 18. Qd2 Bg7 {[%cal Rc6e5]} 19. Qe3 Rhg8 (19... Bf8 $11) 20. c3 ({Better is} 20. Bd3 $14) 20... Rh8 21. Bg3 d6 (21... Kb8 $11 {keeps the balance.}) 22. exd6 $16 Qd7 {White should prevent ...f5.} 23. Ne5 Nxe5 24. Bxe5 f6 25. Bh2 f5 26. Bf3 f4 27. Bxb7+ Kxb7 {[#]} 28. Qe4+ $1 Kb8 29. Rhd3 Rhe8 (29... Rhf8 $16 30. a3 Qb7 31. Qxe6 Rfe8) 30. f3 e5 $2 (30... Qb7) 31. Bg1 $18 Re6 32. Rd5 Qc6 {[%cal Re6d6]} 33. Qh7 $2 {[#]} (33. b4 $18) 33... Qd7 $16 {intending ...e4.} 34. Qe4 (34. Qc2 $16) 34... Qc6 $1 $18 {[%cal Re6d6]} 35. Qh7 (35. b4 $18 {[%cal Rb4c5] has better winning chances.} cxb4 36. c5 (36. cxb4 Rexd6 37. Rxd6 Rxd6 $14)) 35... Qd7 $16 36. Qe4 (36. Qc2 $16) 36... Qc6 $1 {[%mdl 32768] Accuracy: White = 44%, Black = 43%. . An unexpected result.} 1/2-1/2

[Event "5th EFE Metz Festival IM 2019"]
[Site "Metz"]
[Date "2019.07.23"]
[Round "3.5"]
[White "Vedder, Richard"]
[Black "Mouhamad, Joachin"]
[Result "1/2-1/2"]
[WhiteElo "2286"]
[BlackElo "2302"]
[Annotator "NA"]
[PlyCount "79"]
[EventDate "2019.07.22"]
[EventType "tourn"]
[EventCountry "FRA"]
[SourceTitle "playchess.com"]
[Source "ChessBase"]
[SourceQuality "1"]
[TimeControl "5400+30"]

1. d4 {[%emt 0:00:32]} Nf6 {[%emt 0:00:00]} 2. c4 {[%emt 0:00:04]} g6 {[%emt 0:00:00]} 3. Nc3 {[%emt 0:00:07]} d5 {[%emt 0:00:02]} 4. Nf3 {[%emt 0:00:25]} Bg7 {[%emt 0:00:11]} 5. cxd5 {[%emt 0:00:05]} Nxd5 {[%emt 0:00:04]} 6. e4 {[%emt 0:00:10]} Nxc3 {[%emt 0:00:08]} 7. bxc3 {[%emt 0:00:02]} O-O {[%emt 0:00:44]} 8. Be3 {[%emt 0:00:21]} c5 {[%emt 0:00:39]} 9. Qd2 {[%emt 0:00:14]} Qa5 {[%emt 0:01:45]} 10. Rb1 {[%emt 0:00:20]} cxd4 {[%emt 0:00:44]} 11. cxd4 {[%emt 0:00:02]} Qxd2+ {[%emt 0:00:59]} 12. Kxd2 {[%emt 0:00:07]} b6 {[%emt 0:02:02]} 13. Bd3 {[%emt 0:01:06]} Ba6 {[%emt 0:15:43]} 14. a4 {[%emt 0:04:28]} Bxd3 {[%emt 0:13:16]} 15. Kxd3 {[%emt 0:00:12]} Nd7 {[%emt 0:06:32]} 16. a5 {[%emt 0:00:45]} Rfd8 {[%emt 0:06:24]} 17. axb6 {[%emt 0:27:36]} Nxb6 {[%emt 0:02:52]} 18. Rhc1 {[%emt 0:05:38]} Rd7 {[%emt 0:00:52]} 19. Rc6 {[%emt 0:11:34]} Rad8 20. d5 {[%emt 0:02:46]} f5 {[%emt 0:09:32]} 21. Bxb6 {[%emt 0:01:17]} fxe4+ {[%emt 0:00:09]} 22. Kxe4 {[%emt 0:00:08]} axb6 {[%emt 0:00:08]} 23. Rb5 {[%emt 0:00:10]} Bf6 {[%emt 0:05:12]} 24. Rcxb6 {[%emt 0:02:22]} Ra7 {[%emt 0:01:01]} 25. Ne5 {[%emt 0:18:38]} Ra2 {[%emt 0:03:56]} 26. Ng4 {[%emt 0:02:06]} Bg7 {[%emt 0:09:45]} 27. Rb8 {[%emt 0:01:37]} Rxb8 {[%emt 0:00:48]} 28. Rxb8+ {[%emt 0:00:02]} Kf7 {[%emt 0:00:08]} 29. Kf3 {[%emt 0:02:32]} h5 {[%emt 0:03:14]} 30. Ne3 {[%emt 0:00:02]} Bc3 {[%emt 0:10:36]} 31. Rb1 {[%emt 0:01:00]} Bd4 {[%emt 0:02:23]} 32. Rd1 {[%emt 0:00:39]} Bc5 {[%emt 0:00:06]} 33. h3 {[%emt 0:00:12]} Kf6 {[%emt 0:00:21]} 34. g4 {[%emt 0:01:09]} Ra3 {[%emt 0:02:59]} 35. Rc1 {[%emt 0:01:49]} hxg4+ {[%emt 0:00:40]} 36. hxg4 {[%emt 0:00:02]} Ba7 {[%emt 0:01:56]} 37. Ke4 {[%emt 0:06:37]} Ra4+ {[%emt 0:00:02]} 38. Rc4 {[%emt 0:00:11]} Rxc4+ {[%emt 0:00:25]} 39. Nxc4 {[%emt 0:00:01]} Bxf2 {[%emt 0:00:08]} 40. d6 {[%emt 0:01:42] Ke5+} 1/2-1/2

[Event "5th EFE Metz Festival IM 2019"]
[Site "Metz"]
[Date "2019.07.24"]
[Round "4"]
[White "Kurayan, Ruslan"]
[Black "Mouhamad, Joachin"]
[Result "1-0"]
[WhiteElo "2376"]
[BlackElo "2302"]
[Annotator "TA"]
[PlyCount "117"]
[EventDate "2019.??.??"]
[EventCountry "FRA"]
[SourceTitle "playchess.com"]
[Source "ChessBase"]
[SourceQuality "1"]

{[%evp 20,117,0,0,0,0,0,-9,5,14,8,8,6,4,20,0,0,-25,0,0,0,0,0,0,0,0,0,0,0,0,0,0,0,0,54,43,61,70,67,63,179,192,221,204,190,190,152,58,112,106,202,202,220,216,236,179,179,179,400,131,281,256,246,202,202,202,202,202,202,202,202,186,479,447,540,518,404,232,691,681,666,596,29949,8530,6391,5489,29964,29966,29975,29976,5514,1797,29977,29978,29978,29979,29979,29980,29970,6315]} 1. e4 e5 2. Nf3 Nc6 3. d4 exd4 4. Nxd4 Nf6 5. Nxc6 bxc6 6. e5 Qe7 7. Qe2 Nd5 8. c4 Nb6 9. Nd2 Qe6 10. b3 Bb4 11. Bb2 O-O {C45: Scotch Game} 12. O-O-O Qh6 (12... Qe7 13. Ne4 Re8 14. Qc2 d5 15. cxd5 cxd5 16. Nc3 Bxc3 17. Bxc3 c5 18. Bd3 g6 19. f4 {1-0 (71) Yu,Y (2724)-Bruzon Batista,L (2691) Tsaghkadzor 2015}) 13. Qf3 d5 {The position is equal.} 14. exd6 $1 cxd6 15. a3 Bxd2+ $1 16. Rxd2 d5 17. c5 $146 ({Predecessor:} 17. cxd5 Nxd5 18. Be2 Be6 19. Qh5 Qxh5 20. Bxh5 {0-1 (59) Da Silva Filho,A (1952)-Jones,P (2161) LSS email 2009}) 17... Nd7 18. Qc3 Nf6 {[#] And now ...Ne4 would win.} 19. f3 Re8 20. Bd3 a5 21. Kb1 Re3 22. Qd4 Rxd3 23. Rxd3 {Strongly threatening g4.} Bf5 {Threatens to win with ...Qd2.} 24. Ka2 {Rd2 is the strong threat.} Bxd3 25. Qxd3 Nd7 26. Re1 Nxc5 ({Black should play} 26... Nf8 $11) 27. Qc3 $14 Ne6 28. Qxc6 {[%mdl 64] [#] Double Attack} Rd8 29. Qb6 $40 {[%mdl 128] White threatens Qxd8+! and mate. White has some attack.} Qh4 (29... Ra8 $14) 30. g3 $18 Qe7 31. f4 ({Don't play} 31. Qxa5 $6 d4 $16) 31... Qd7 32. f5 Ng5 33. f6 (33. Rd1 $16) 33... Ne6 ({Better is} 33... a4 $1 $14) 34. Qxa5 $16 d4 (34... g6 $16 {keeps fighting.}) 35. fxg7 $18 d3 36. Rd1 Qd6 {If only Black now had time for ...Nc5....} 37. Qb5 Nc5 38. Qc4 Ne6 $2 (38... Qc6 {was necessary.} 39. Rf1 Qd5) 39. Rd2 $2 (39. Bf6 $18 {and White stays clearly on top.}) 39... Ng5 (39... Nc5 $16 40. b4 (40. Rf2 Qd5 $15) 40... Na4) 40. a4 Nf3 41. Rf2 d2 42. Rxf3 {[%csl Gf3][%cal Rc4f7]} Qd7 43. Rf1 {Black must now prevent Rd1.} d1=Q 44. Rxd1 Qxd1 {[%mdl 4096] Endgame KQR-KQB} 45. h4 h5 $2 (45... Qh1 46. a5 Qd1) 46. Qf4 Rd6 47. Qe5 {Qe8+ would kill now.} Rd8 48. Qe3 (48. Ka3 $142) 48... Qd6 $2 (48... Ra8 49. Qh6 Rxa4+ 50. bxa4 Qxa4+ 51. Ba3 Qc2+ 52. Ka1 Qc3+ 53. Ka2 Qc4+ 54. Kb2 Qe2+ 55. Kc3 Qe5+ 56. Kc4 Qe2+ 57. Kb4 Qe4+ 58. Ka5 Qd5+ 59. Kb4 Qe4+ 60. Kb3 Qf3+ 61. Kb4 Qe4+) 49. Qg5 f6 50. Qxf6 Qxf6 51. Bxf6 {KR-KB} Rd6 52. Be5 Re6 53. Bf4 Kxg7 54. b4 {[%cal Bb3b4,Bb4b5][%mdl 32]} Kf6 55. Kb3 (55. b5 $142 Ke7 56. a5) 55... Ke7 56. b5 {White mates.} Kd7 57. a5 Re1 58. Kb4 Re2 59. Kc5 {Accuracy: White = 56%, Black = 29%.} (59. a6 $142 Ra2 60. Kc5 Ra1 61. Kb6 Rb1 62. a7 Ra1 63. Kb7 Ke6 64. a8=Q Rxa8 65. Kxa8) 1-0